000 01126cam a2200301 i 4500
001 bg
003 KOSZ 005
005 20190719115217.0
008 000320s1979 pl a f f |000 0 ruso
015 _aPB 1980/2199
040 _aWA N
_cKOSZ 005/HR
_dKOSZ 005/HR
041 0 _arus
080 _a811.161.1
080 _a624.01/.07
080 _a69
080 _a(075.8)
100 1 _aMiśkiewicz, Władysława.
245 1 0 _aTeksty techniczne do nauczania języka rosyjskiego dla studentów Instytutu Budownictwa Lądowego /
_cWładysława Miśkiewicz, Stanisław Wacław ; Akademia Techniczno-Rolnicza im. Jana i Jędrzeja Śniadeckich w Bydgoszczy.
260 _aBydgoszcz :
_bWydaw-a Uczelniane AT-R,
_c1979.
300 _a262 s. :
_bil. ;
_c24 cm.
504 _aBibliogr. s. 261-262.
650 4 _aBudownictwo
_xterminologia.
650 4 _aJęzyk rosyjski
_xszkoły wyższe.
655 4 _aPodręczniki akademickie
700 1 _aWacław, Stanisław.
856 _uhttp://koha.tu.koszalin.pl/cgi-bin/koha/opac-detail.pl?biblionumber=19077
_yKatalog online BPK
942 _2UKD
_cKS
999 _c19077
_d19077